Największe armie pod względem ilości żołnierzy - Statystyki

Ogólne statystyki
  • Ten quiz został rozwiązany 163 razy
  • Średni wynik to 8 z 10
Statystyki odpowiedzi
Hint Odpowiedź % Poprawnych
2 228 500 Chiny
100%
1 370 000 USA
99%
1 020 000 Rosja
97%
1 130 000 Indie
91%
ponad 1 100 000 Korea Północna
85%
523 000 Iran
83%
640 000 Korea Południowa
79%
617 000 Pakistan
75%
630 000 Turcja
74%
468 500 Egipt
63%
Nie znaleziono quizów pasujących do podanych kryteriów
Rozkład punktacji
Procent ludzi z każdym wynikiem
Percentyl według liczby udzielonych odpowiedzi
Twoja historia wyników
Nie rozwiązałeś tego quizu